000 00556nam a22002177a 4500
003 OSt
005 20140310181945.0
008 121120t xxu||||| |||| 00| 0 eng d
020 _a0195852745
050 _aPZ 7
_b.C319 1994
082 _aCLA C23a
_b1994
245 _aAlice's Adventures in Wonderland
_cLewis Carroll
260 _aHongkong
_bOxford University Press Ltd
_cc1994
300 _g19 cm.
_a150 p.;
521 _aFaculty.
541 _j1
541 _j2
562 _e2
650 _a Classics
_92808
942 _2lcc
_cBBK
_kCLA
999 _c7764
_d7764